000
00314nam a22001337a 4500
008
170825b xxu||||| |||| 00| 0 eng d
020
_a
9780495764557
041
_a
eng
080
_2
14TH
_a
070
100
_a
39
101
_a
MED
245
_a
THE CHALLENGE OF EFFECTIVE SPEAKING
_c
VERDERBER,R.F
942
_2
udc
_c
BK
999
_c
25076
_d
25076